000 00982cam a22002535a 4500
001 121497
008 230517s2023 xxk f 000 0 eng d
020 _a9781915976024
041 0 _aeng
050 0 4 _aF692.5
110 2 _aBuilding Cost Information Service
_91096
245 0 0 _aGuide to estimating for small works
_b2023
250 _a29th ed.
260 _aLondon
_bBCIS
_c2023
300 _c21cm.
520 _aThe aim of this book is to assist the smaller builder to estimate the cost of building works quickly and simply. The book gives the cost of each building section or element and provides a comprehensive selection of standard estimates priced in sections for a range of traditionally constructed building extensions of various types and sizes.
520 _aSupersedes 28th ed ISBN 9781783214600
521 _aAdvanced
590 _aKA
651 4 _aUnited Kingdom
690 _aCost management
_96233
690 _aRefurbishment
_96264
942 _n0
_2ddc
999 _c121497
_d121497